| 000 | 00364nam a22001217a 4500 | ||
|---|---|---|---|
| 999 |
_c4429 _d4429 |
||
| 008 | 250218b ||||| |||| 00| 0 eng d | ||
| 020 | _a9788965011064 | ||
| 082 | _a516.15 | ||
| 100 |
_aLEE,JANINE _eAUTHOR |
||
| 245 | _aWHAT FUNNY SHAPES! | ||
| 260 |
_aFLAT/RM E 3/F,PO CHENG BUILDING 148- 154 NAMCHEONG STREET,KOWLOON,HONGKONG _bBBIRD PUBLISHING _c2008 |
||
| 942 | _2ddc | ||